Housing Market Report (Record no. 118636)

MARC details
000 -LEADER
fixed length control field 00805cas a22002295a 4500
001 - CONTROL NUMBER
control field ##L99061
008 - FIXED-LENGTH DATA ELEMENTS--GENERAL INFORMATION
fixed length control field 070626c1992 xxkmr p 0 a0eng
022 1# - INTERNATIONAL STANDARD SERIAL NUMBER
International Standard Serial Number 0968-0713
035 ## - SYSTEM CONTROL NUMBER
System control number (Sirsi) u99061
041 0# - LANGUAGE CODE
Language code of text/sound track or separate title eng
110 2# - MAIN ENTRY--CORPORATE NAME
Corporate name or jurisdiction name as entry element House Builders Federation
9 (RLIN) 2233
245 00 - TITLE STATEMENT
Title Housing Market Report
260 ## - PUBLICATION, DISTRIBUTION, ETC.
Place of publication, distribution, etc. Tunbridge Wells
Name of publisher, distributor, etc. Housebuilder Publications
Date of publication, distribution, etc. 1992-
510 2# - CITATION/REFERENCES NOTE
Name of source Knowledge Alert
Location within source 2006-
520 ## - SUMMARY, ETC.
Summary, etc. Kept for five years
554 ## -
-- 12 per year
651 #4 - SUBJECT ADDED ENTRY--GEOGRAPHIC NAME
Geographic name England and Wales
Chronological subdivision 1543-
690 ## - LOCAL SUBJECT ADDED ENTRY--TOPICAL TERM (OCLC, RLIN)
Topical term or geographic name as entry element PROPERTY-RESIDENTIAL PROPERTY-RESIDENTIAL PROPERTY MARKET
856 41 - ELECTRONIC LOCATION AND ACCESS
Uniform Resource Identifier <a href="https://www.nhbc.co.uk/Builders/ProductsandServices/InformationProducts/HousingMarketReport/?pending">https://www.nhbc.co.uk/Builders/ProductsandServices/InformationProducts/HousingMarketReport/?pending</a>
Public note View further details of Housing Market Report at www.nhbc.co.uk
942 ## - ADDED ENTRY ELEMENTS (KOHA)
Suppress in OPAC 0
948 ## - LOCAL PROCESSING INFORMATION (OCLC); SERIES PART DESIGNATOR (RLIN)
c (OCLC) 04/11/1996
Holdings
Withdrawn status Lost status Source of classification or shelving scheme Damaged status Not for loan Home library Current library Shelving location Date acquired Total Checkouts Full call number Barcode Date last seen Price effective from Koha item type
    Dewey Decimal Classification     London London Gallery 21/04/2004   HOUSING MARKET REPORT 99061-1001 06/08/2019 06/08/2019 Journal